BOARD AT WORK Quiz Stats

Quiz not verified by Sporcle

Challenge
Share
Tweet
Embed
Score 0/10 Timer 05:00
0 Plays Today
HINT answer % Correct
THINGBOARD GAME
50%
THINGSKATEBOARD
43.8%
THINGIRONING BOARD
37.5%
PERSONCHAIRMAN OF THE BOARD
18.8%
TELEVISION SHOWBOARDWALK EMPIRE
12.5%
SAYINGSTIFF AS A BOARD
12.5%
THINGBOOGIE BOARD
12.5%
PEOPLE/THINGBOARD OF DIRECTORS
6.3%
THINGWOODEN BOARD
6.3%
THINGCIRCUIT BOARD
0%

You're not logged in!

Compare scores with friends on all Sporcle quizzes.
Join for Free
OR
Log In

You Might Also Like...

Show Comments

Extras

Created Nov 5, 2010ReportNominate
Tags:Board Games Quiz

Top Quizzes Today


Score Distribution

Your Account Isn't Verified!

In order to create a playlist on Sporcle, you need to verify the email address you used during registration. Go to your Sporcle Settings to finish the process.

Report this User

Report this user for behavior that violates our Community Guidelines.

Details: